| 000 | 00539nam a2200193Ia 4500 | ||
|---|---|---|---|
| 008 | 240510s9999 xx 000 0 und d | ||
| 020 | _a0000471891134 | ||
| 041 | _aEng | ||
| 082 | _a004.22 | ||
| 082 | _bP24 | ||
| 100 | _aPFLEEGER, Charles P. | ||
| 245 | 0 | _aMachine organization : An introduction to the structure and programming of computing systems | |
| 260 | _bNew York : John Wiley | ||
| 260 | _c1982 | ||
| 300 | _a227 p. | ||
| 650 | _aComputer architecture : Electronic digital computers | ||
| 942 | _2ddc | ||
| 942 | _cLBK | ||
| 999 |
_c25563 _d25563 |
||
| 945 |
_a1 _bMadushi Gamage _c1 _dMadushi Gamage |
||